Asesoramiento pedagógico en acción: la novela del asesor

Salvato in:
Dettagli Bibliografici
Autore principale: Nicastro, Sandra (autora)
Altri autori: Andreozzi, Marcela (autora)
Natura: Libro
Lingua:spagnolo
Pubblicazione: Buenos Aires Paidós 2003
Edizione:1a. ed
Serie:Biblioteca de Cuestiones de Educación, 39
Soggetti:
Tags: Aggiungi Tag
Nessun Tag, puoi essere il primo ad aggiungerne!!

MARC

LEADER 00000nam a2200000 a 4500
001 UCL8564
003 CL-VaPUC
005 20220822112254.0
008 040625e20030000AG |||||||||||||||||spa|d
999 |c 309798  |d 309796 
020 |a 9501261395 
040 |c Pontificia Universidad Católica de Valparaíso 
082 0 4 |a 370.15  |b NIC  |2 21 
100 |a Nicastro, Sandra  |e autora  |9 486475 
245 1 0 |a Asesoramiento pedagógico en acción: la novela del asesor 
250 |a 1a. ed 
260 |a Buenos Aires  |b Paidós  |c 2003 
300 |a 153 p 
490 0 |a Biblioteca de Cuestiones de Educación, 39 
583 |a last modification  |c 20040625 00:00:00  |k Rodrigo Vera 
650 0 |a Psicología educacional   |9 307830 
650 0 |a Rol del docente  |9 329733 
650 0 |a Filosofía de la educación   |9 258384 
700 |a Andreozzi, Marcela  |e autora  |9 875740 
942 |c BK  |2 ddc 
945 |d 20040625 00:00:00  |a cmena 
952 |0 0  |1 0  |4 0  |6 370_150000000000000_NIC_2003  |7 0  |8 A  |9 377551  |a BIBEDU  |b BIBEDU  |d 2019-11-21  |i 4031296  |o 370.15 NIC 2003  |p 4031296  |r 2019-11-21  |w 2019-11-21  |y BK  |k EBA